Video Games Quiz - Statistics

General Stats
  • This quiz has been taken 24 times
  • The average score is 6 of 15
Answer Stats
Hint Answer % Correct
Created in Sweden Minecraft
96%
When imposter is sus Among Us
87%
Created By nintendo Super Mario Bros
83%
Battle Royale game Fortnite
74%
Created by Supercell Clash of clans
65%
Game that involves birds Angry Birds
52%
Released in 2006 Roblox
52%
Win by Qualifying Fall Guys
35%
Created in Japan Pokemon
22%
Game inspired by goose Untitled Goose Game
22%
Another game by Nintendo Animal Crossing
17%
Created in Finland Brawl Stars
13%
Game created in Vietnam Flappy Bird
13%
Game that involves cats The Battle Cats
9%
Game that involves blocks Block Blast
0%
No matching quizzes found
Score Distribution
Percent of People with Each Score
Percentile by Number Answered
Your Score History
You have not taken this quiz